UM Logo

Towards teaching for an integrated understanding of trait formation : (Record no. 18182)

MARC details
000 -LEADER
fixed length control field 00926nam a22002297a 4500
003 - CONTROL NUMBER IDENTIFIER
control field OSt
005 - DATE AND TIME OF LATEST TRANSACTION
control field 20250905103229.0
008 - FIXED-LENGTH DATA ELEMENTS--GENERAL INFORMATION
fixed length control field 230914b ||||| |||| 00| 0 eng d
040 ## - CATALOGING SOURCE
Transcribing agency 0
082 ## - DEWEY DECIMAL CLASSIFICATION NUMBER
Classification number DPer 570 J826 February-November 2020 v. 54 n. 1-5.
100 ## - MAIN ENTRY--PERSONAL NAME
Personal name Heemann, Tim.
Relator term author.
9 (RLIN) 48949
245 ## - TITLE STATEMENT
Title Towards teaching for an integrated understanding of trait formation :
Remainder of title an analysis of genetics tasks in high school biology textbooks /
Statement of responsibility, etc. Tim Heemann and Marcus Hammann.
260 ## - PUBLICATION, DISTRIBUTION, ETC. (IMPRINT)
Place of publication, distribution, etc. United Kingdom ;
Name of publisher, distributor, etc. Taylor & Francis Group ,
Date of publication, distribution, etc. April 2020.
300 ## - PHYSICAL DESCRIPTION
Extent Volume 54, pages 191-201 :
Other physical details illustration ;
Dimensions 25 cm.
500 ## - GENERAL NOTE
General note Journal of Biological Education, vol. 54, no. 2, pages 191-201, April 2020.
650 ## - SUBJECT ADDED ENTRY--TOPICAL TERM
Topical term or geographic name as entry element Educatiion.
9 (RLIN) 48950
650 ## - SUBJECT ADDED ENTRY--TOPICAL TERM
Topical term or geographic name as entry element Biology.
9 (RLIN) 48951
650 ## - SUBJECT ADDED ENTRY--TOPICAL TERM
Topical term or geographic name as entry element Reasoning.
9 (RLIN) 48952
700 ## - ADDED ENTRY--PERSONAL NAME
Personal name Heemann, Tim.
Relator term author.
9 (RLIN) 48949
700 ## - ADDED ENTRY--PERSONAL NAME
Personal name Hammann, Marcus.
Relator term author.
9 (RLIN) 48953
942 ## - ADDED ENTRY ELEMENTS (KOHA)
Source of classification or shelving scheme Dewey Decimal Classification
Koha item type Periodicals
Holdings
Withdrawn status Lost status Source of classification or shelving scheme Damaged status Not for loan Collection code Home library Current library Date acquired Total Checkouts Full call number Date last seen Price effective from Koha item type Public note
    Dewey Decimal Classification     Periodicals UM Digos College - LIC UM Digos College - LIC 09/14/2023   DPer 570 J826 February-November 2020 v. 54 n. 1-5. 09/14/2023 09/14/2023 Periodicals Periodical Article